Statistics for International Flights from South Africa

Click here to take the quiz!

General Stats

  • This quiz has been taken 169 times
  • The average score is 41 of 76

Answer Stats

Answer% Correct
Newark
95%
London
94%
New York
94%
Dubai
92%
Paris
92%
Addis Ababa
91%
Amsterdam
91%
Doha
91%
Cape Town
90%
Nairobi
90%
Sydney
90%
Cairo
89%
Beijing
88%
Johannesburg
88%
Frankfurt
87%
Durban
85%
Harare
85%
Istanbul
84%
Windhoek
84%
Abu Dhabi
83%
Rome
82%
Hong Kong
80%
Luanda
80%
Maputo
79%
Kinshasa
78%
São Paulo
78%
Singapore
78%
Antananarivo
74%
Münich
74%
Zürich
74%
Gaborone
73%
Atlanta
72%
Kigali
72%
Vienna
72%
Lagos
71%
Tel Aviv
71%
Lusaka
70%
Dar es Salaam
67%
Accra
66%
Jeddah
64%
Perth
63%
Lilongwe
54%
Abidjan
48%
Washington
48%
Mauritius
47%
Lomé
40%
Shenzhen
40%
Maseru
36%
Libreville
35%
Guangzhou
33%
Douala
30%
Lubumbashi
29%
Mahé
29%
Saint-Dénis
29%
Zanzibar
29%
Beira
28%
Bulawayo
25%
Victoria Falls
25%
Walvis Bay
25%
Entebbe
23%
Blantyre
22%
Livingstone
19%
Francistown
15%
Saint Helena
12%
Maun
10%
Nampula
9%
Ndola
9%
Pemba
6%
Kasane
5%
Manzini
5%
Nelspruit
5%
Nosy Be
5%
Tete
5%
Gan
2%
Oranjemund
2%
Vilanculos
1%

Score Distribution

Percentile by Number Answered

Percent of People with Each Score

Your Score History

You have not taken this quiz